000 01077nabaa22002417a 4500
999 _c6207
_d6207
003 OSt
005 20260125212210.0
008 190701b xxu||||| |||| 00| 0 spa d
040 _cPJ
100 _934
_aPerrino, Pablo Esteban
245 1 3 _aLa reforma al régimen de la vista efectuada en el régimen nacional de procedimiento administrativo /
_cPablo E. Perrino.
300 _ap. 181-188
500 _aCita: TR LALEY AR/DOC/2737/2024
505 _aSumario: I. Tutela administrativa efectiva y vista de las actuaciones administrativas.— II. Pedido de vista y suspensión de plazos.
505 _t¿Te interesa el texto completo? Comunicate al correo: koha@justierradelfuego.gov.ar
650 0 _9211
_aDERECHO ADMINISTRATIVO
650 0 _91135
_aPROCEDIMIENTO ADMINISTRATIVO
650 0 _91171
_aACTO ADMINISTRATIVO
650 0 _93177
_aREFORMA DEL ESTADO
650 0 _9802
_aDESCENTRALIZACION ADMINISTRATIVA
773 0 _02842
_93251
_dBuenos Aires : AbeledoPerrot, 2012-
_oDA121
_tDerecho administrativo. Nº 156 noviembre/diciembre 2024
_z18510590
942 _2udc
_cANA